000 00284nam a22001217a 4500
008 180301b xxu||||| |||| 00| 0 eng d
041 _aeng
080 _a34
100 _a14
101 _akur
245 _atort law alternatives cases and materials
_cmarc.a.f
942 _2udc
_cBK
999 _c43790
_d43790